Green grows the city: (Record no. 191015)
[ view plain ]
| 000 -LEADER | |
|---|---|
| fixed length control field | 00930 a2200169 4500 |
| 003 - CONTROL NUMBER IDENTIFIER | |
| control field | Nust |
| 005 - DATE AND TIME OF LATEST TRANSACTION | |
| control field | 20230131132047.0 |
| 040 ## - CATALOGING SOURCE | |
| Transcribing agency | Nust |
| 082 ## - DEWEY DECIMAL CLASSIFICATION NUMBER | |
| Classification number | 808.83,NIC |
| 100 ## - MAIN ENTRY--PERSONAL NAME | |
| Personal name | Nichols, Beverley |
| 9 (RLIN) | 17923 |
| 245 ## - TITLE STATEMENT | |
| Title | Green grows the city: |
| Remainder of title | The story of a London garden / |
| Statement of responsibility, etc. | Beverley Nichols, |
| 260 ## - PUBLICATION, DISTRIBUTION, ETC. | |
| Place of publication, distribution, etc. | Jonathan Cape |
| Name of publisher, distributor, etc. | London |
| Date of publication, distribution, etc. | 1939 |
| 300 ## - PHYSICAL DESCRIPTION | |
| Extent | 285 p |
| 505 ## - FORMATTED CONTENTS NOTE | |
| Formatted contents note | Introduction (Page-9), We Move in (Page-15), High Wind in Suburbia (Page-29), False Start (Page-44), A Ray of Isosceles (Page-68), Birth of A Bubble (Page-86), Enter Flora (Page-102), Rose and Cavalier (Page-115), The Battle of the Dome (Page-134), One Thing Lead to Another (Page-147), Rhapsody in Green (Page-165), The Triumphs of Lilliput (Page-182), Bigger and Bigger (Page-197), The Enchanted Corner (Page-215), Inventions (Page-235), The Desert Blossoms (Page-254), The last Chapter (Page-275). |
| 650 ## - SUBJECT ADDED ENTRY--TOPICAL TERM | |
| Topical term or geographic name entry element | Novel |
| 9 (RLIN) | 2525 |
| 942 ## - ADDED ENTRY ELEMENTS (KOHA) | |
| Source of classification or shelving scheme | |
| Koha item type | Book |
| Call number prefix | 808.83,NIC |
| Withdrawn status | Lost status | Source of classification or shelving scheme | Damaged status | Not for loan | Permanent Location | Current Location | Shelving location | Date acquired | Full call number | Barcode | Date last seen | Price effective from | Koha item type | Public note |
|---|---|---|---|---|---|---|---|---|---|---|---|---|---|---|
| Military College of Signals (MCS) | Military College of Signals (MCS) | General Stacks | 12/12/2016 | 808.83,NIC | MCS29888 | 12/08/2016 | 12/12/2016 | Book | Almirah No. 57, Shelf No.1 |
